000 00756nam a22002297a 4500
003 LK-CoDNM
005 20241008095917.0
008 241008b |||||||| |||| 00| 0 eng d
040 _aLK-CoDNM
_dLK-CoDNM
_eLK-CoDNM
041 _asin
_aeng
080 _a105
_bA25
100 _aපූජ්‍ය තන්තිරිමුල්ලේ සරණ හිමි
245 _aසම්බුදු නුවණ
260 _aසිටි මුද්‍රණාලය
_bපානදුර
_c1999
300 _a24p ; 23cm
650 _a105 A25
650 _aSinhala
650 _aපූජ්‍ය තන්තිරිමුල්ලේ සරණ හිමි
650 _aසම්බුදු නුවණ
650 _a1999
942 _cBK
999 _c218190
_d218190